000 nam a22 7a 4500
999 _c10576
_d10576
008 180219b ||||| |||| 00| 0 eng d
100 _aCBSE
_96476
245 _aCCE Based CCE Biology-IX
260 _aJalandhar